000 00388nab a2200133Ia 4500
003 ES-SlBCS
005 20220131170533.0
008 140529s1996 xxu||||| |||| 00| 0 spa d
041 _aspa
100 1 _aFouilloux, Étienne
_911923
245 0 0 _aIglesias orientales católicas y uniatismo
_c Étienne Fouilloux
773 0 _tConcilium
_gnº. 268, 1996, págs. 143-152
_wRev134
942 _cAR
999 _c632300
_d632300